[Event "Bayern-chTT (LL Sued)"]
[Site "Bayern 2008/09"]
[Date "2008.10.26"]
[Round "2.6"]
[White "Shahin, Walid"]
[Black "Brychcy, Felix"]
[Result "1/2-1/2"]
[WhiteElo "1983"]
[BlackElo "2051"]
[PlyCount "66"]
[EventDate "2009.03.??"]
[EventType "team-tourn"]
[EventRounds "9"]
[WhiteTeam "Weilheim 1"]
[BlackTeam "Zugzwang-82 /1"]

1. d4 Nf6 2. c4 g6 3. Nc3 Bg7 4. e4 d6 5. Be2 O-O 6. Bg5 Na6 7. Qd2 e5 8. d5
Nc5 9. f3 a5 10. h4 c6 11. O-O-O cxd5 12. Nxd5 Ne6 13. Nxf6+ Bxf6 14. Bh6 Bxh4
15. Rxh4 Qxh4 16. Bxf8 Nxf8 17. Qxd6 Qg5+ 18. Kb1 Ne6 19. Qd5 h6 20. Qd2 Qxg2
21. Qxh6 Nd4 22. Qd2 Be6 23. Bd3 Qxd2 24. Rxd2 Rc8 25. b3 Kg7 26. Rf2 Rh8 27.
Ne2 Nc6 28. a3 Rh3 29. Kc2 b6 30. Kc3 g5 31. b4 axb4+ 32. axb4 Kg6 33. b5 Na5
1/2-1/2

[Event "Bayern-chTT (LL Sued)"]
[Site "Bayern 2008/09"]
[Date "2008.10.26"]
[Round "2.7"]
[White "Callenberg, Ralf"]
[Black "Sindermann, Peter(68)"]
[Result "1-0"]
[WhiteElo "2004"]
[BlackElo "1944"]
[PlyCount "84"]
[EventDate "2009.03.??"]
[EventType "team-tourn"]
[EventRounds "9"]
[WhiteTeam "Zugzwang-82 /1"]
[BlackTeam "Weilheim 1"]

1. c4 c5 2. g3 Nc6 3. Bg2 Nf6 4. Nc3 e6 5. Nf3 d5 6. cxd5 exd5 7. d4 Bf5 8. Bg5
Be7 9. O-O h6 10. Bxf6 Bxf6 11. dxc5 Be6 12. Qa4 O-O 13. Rfd1 Qe7 14. Rac1 Rfd8
15. e3 a6 16. Nd4 Nxd4 17. exd4 h5 18. Re1 Qc7 19. Rcd1 h4 20. Ne2 hxg3 21.
hxg3 Bg4 22. Qb3 Qd7 23. Bf3 Re8 24. Qd3 Re7 25. Bxg4 Qxg4 26. Nf4 Re4 27. Rxe4
dxe4 28. Qe2 Qf5 29. Ng2 Rd8 30. Ne3 Qh7 31. d5 g5 32. Nc4 Kg7 33. Nd6 Rh8 34.
Qxe4 Qh2+ 35. Kf1 Bxb2 36. Nf5+ Kf6 37. Ne3 Qh3+ 38. Ke2 Qd7 39. Rb1 Bc3 40.
Rb6+ Kg7 41. Nf5+ Kg8 42. c6 bxc6 1-0

[Event "Bayern-chTT (LL Sued)"]
[Site "Bayern 2008/09"]
[Date "2008.10.26"]
[Round "2.8"]
[White "Kobold, Julius"]
[Black "Huber, Stefan(63)"]
[Result "0-1"]
[WhiteElo "1400"]
[BlackElo "1930"]
[PlyCount "36"]
[EventDate "2009.03.??"]
[EventType "team-tourn"]
[EventRounds "9"]
[WhiteTeam "Weilheim 1"]
[BlackTeam "Zugzwang-82 /1"]

1. e4 c5 2. Nf3 Nc6 3. d4 cxd4 4. Nxd4 Nf6 5. Nc3 e5 6. Nf3 Bb4 7. Bg5 Bxc3+ 8.
bxc3 Qa5 9. Bd3 Qxc3+ 10. Bd2 Qc5 11. O-O d5 12. exd5 Qxd5 13. h3 e4 14. Qe2
O-O 15. Bc4 exf3 16. gxf3 Qh5 17. Rfe1 Bxh3 18. Bd3 Nd4 0-1

[Event "Bayern-chTT (LL Sued)"]
[Site "Bayern 2008/09"]
[Date "2008.11.30"]
[Round "3.1"]
[White "Straub, Juergen Dr"]
[Black "Dirr, Ulrich"]
[Result "1/2-1/2"]
[WhiteElo "2187"]
[BlackElo "2271"]
[PlyCount "99"]
[EventDate "2009.03.??"]
[EventType "team-tourn"]
[EventRounds "9"]
[WhiteTeam "Ingolstadt 1"]
[BlackTeam "Zugzwang-82 /1"]

1. d4 d5 2. c4 c6 3. Nf3 Nf6 4. e3 a6 5. Nc3 b5 6. cxd5 cxd5 7. Bd3 Bb7 8. Ne5
e6 9. O-O Bd6 10. f4 Nbd7 11. a3 Ne4 12. a4 b4 13. Nxe4 dxe4 14. Bc4 O-O 15.
Nxd7 Qxd7 16. Qb3 a5 17. Bd2 Rfc8 18. Rfc1 Ba6 19. Bxa6 Rxa6 20. Rxc8+ Qxc8 21.
Rc1 Rc6 22. Qd1 h6 23. b3 g5 24. Rxc6 Qxc6 25. g3 Kg7 26. Kf2 Kg6 27. Qc1 Qxc1
28. Bxc1 Kf5 29. h3 h5 30. Kg2 Kg6 31. fxg5 Kxg5 32. Bd2 Kf5 33. Be1 e5 34.
dxe5 Bxe5 35. Bf2 Kg5 36. Be1 f5 37. Bf2 Bc3 38. Kf1 Bf6 39. Kg2 Bd8 40. Be1
Bb6 41. Bf2 Bc5 42. Kh2 Bd6 43. Kg2 Be5 44. Be1 Kf6 45. Kf1 Ke6 46. Ke2 Kd5 47.
Bf2 Bg7 48. Be1 Bf6 49. Bf2 Bg5 50. Be1 1/2-1/2

[Event "Bayern-chTT (LL Sued)"]
[Site "Bayern 2008/09"]
[Date "2008.11.30"]
[Round "3.2"]
[White "Krulich, Roman"]
[Black "Gerstner, Bernhard"]
[Result "1/2-1/2"]
[WhiteElo "2200"]
[BlackElo "2163"]
[PlyCount "125"]
[EventDate "2009.03.??"]
[EventType "team-tourn"]
[EventRounds "9"]
[WhiteTeam "Zugzwang-82 /1"]
[BlackTeam "Ingolstadt 1"]

1. e4 e5 2. Nf3 Nc6 3. Bc4 Nf6 4. d3 Bc5 5. c3 a6 6. Bb3 Ba7 7. O-O d6 8. h3
O-O 9. Re1 Ne7 10. Nbd2 Ng6 11. Nf1 Nh5 12. d4 Nhf4 13. Ng3 Qf6 14. Nh5 Qe7 15.
Nxf4 exf4 16. e5 Bf5 17. exd6 Qxd6 18. Ne5 c5 19. Qf3 cxd4 20. Nxf7 Qf6 21.
Ng5+ Kh8 22. Nxh7 Nh4 23. Nxf6 Nxf3+ 24. gxf3 Rxf6 25. Bxf4 dxc3 26. bxc3 Bd7
27. Re5 g6 28. Re4 Rf5 29. Be5+ Kh7 30. Rh4+ Rh5 31. Rxh5+ gxh5 32. h4 Bc6 33.
f4 Kg6 34. Rd1 Bc5 35. Rd3 Be7 36. Rg3+ Kf5 37. Bc2+ Be4 38. Bxe4+ Kxe4 39. Rg7
Bxh4 40. Kg2 Rd8 41. Rxb7 Rd2 42. Bd4 Rxa2 43. Be3 Bf6 44. c4 a5 45. c5 a4 46.
Ra7 a3 47. c6 Rc2 48. Ra4+ Kf5 49. Ra5+ Ke6 50. Rxa3 Rxc6 51. Ra5 h4 52. Rh5
Rd6 53. Kf3 Rd5 54. Rxd5 Kxd5 55. Kg4 Ke4 56. Bb6 h3 57. f3+ Kd5 58. Kxh3 Ke6
59. Kg4 Be7 60. f5+ Kf7 61. Be3 Bf6 62. Bg5 Be5 63. f4 1/2-1/2

[Event "Bayern-chTT (LL Sued)"]
[Site "Bayern 2008/09"]
[Date "2008.11.30"]
[Round "3.3"]
[White "Wurzel, Andre"]
[Black "Krklec, Daniel"]
[Result "1/2-1/2"]
[WhiteElo "2150"]
[BlackElo "2100"]
[PlyCount "132"]
[EventDate "2009.03.??"]
[EventType "team-tourn"]
[EventRounds "9"]
[WhiteTeam "Ingolstadt 1"]
[BlackTeam "Zugzwang-82 /1"]

1. Nf3 d5 2. c4 c6 3. e3 Nf6 4. Nc3 e6 5. d4 Nbd7 6. Qc2 Bd6 7. Bd3 Qe7 8. O-O
dxc4 9. Bxc4 e5 10. h3 O-O 11. Bb3 c5 12. Re1 h6 13. Nh4 Rd8 14. Bd2 Nf8 15.
dxe5 Qxe5 16. Ne2 Qh5 17. g3 Bxh3 18. Bc3 N8h7 19. Nf4 Bxf4 20. exf4 Re8 21.
Be5 b6 22. Rad1 Be6 23. Ba4 Red8 24. Bc6 Rac8 25. Bb7 Rxd1 26. Rxd1 Rf8 27. f5
Bc8 28. Bf3 Ng4 29. Qe2 Bxf5 30. Nxf5 Qh2+ 31. Kf1 Re8 32. Bg2 Nxe5 33. f4 g6
34. Nd6 Re7 35. fxe5 Qxg3 36. Re1 Ng5 37. Qf2 Qd3+ 38. Qe2 Qd4 39. Qf2 Rxe5 40.
Qxd4 Rxe1+ 41. Kxe1 cxd4 42. Nc8 Ne6 43. Nxa7 Nf4 44. Bf1 h5 45. Nc8 h4 46.
Nxb6 h3 47. Bxh3 Nxh3 48. a4 Nf4 49. Kd2 Ne6 50. a5 Nc7 51. Kd3 g5 52. Kxd4 g4
53. Nc4 f5 54. Ke5 g3 55. Nd2 Kf7 56. Kd6 Na6 57. Kc6 Ke6 58. Nf3 f4 59. Kb6
Nb4 60. Kb5 Nd5 61. Kc5 Nc7 62. Kc6 Na6 63. Kb6 Nb4 64. Kb5 Nd5 65. Kc5 Nc7 66.
Kc6 Na6 1/2-1/2

[Event "Bayern-chTT (LL Sued)"]
[Site "Bayern 2008/09"]
[Date "2008.11.30"]
[Round "3.4"]
[White "Bonacci, Mauro"]
[Black "Holl, Andreas(57)"]
[Result "1-0"]
[WhiteElo "2127"]
[BlackElo "2147"]
[PlyCount "121"]
[EventDate "2009.03.??"]
[EventType "team-tourn"]
[EventRounds "9"]
[WhiteTeam "Zugzwang-82 /1"]
[BlackTeam "Ingolstadt 1"]

1. e4 c5 2. Nf3 d6 3. c3 g6 4. d4 Nd7 5. Bc4 Bg7 6. Bxf7+ Kxf7 7. Ng5+ Ke8 8.
Qb3 Ne5 9. dxe5 d5 10. exd5 h6 11. Nf3 Bg4 12. Qb5+ Qd7 13. Qxd7+ Kxd7 14. Nbd2
e6 15. dxe6+ Kxe6 16. O-O Ne7 17. h3 Bxf3 18. Nxf3 Rhf8 19. Rd1 Rad8 20. Rxd8
Rxd8 21. Bf4 g5 22. Bh2 Kf5 23. g4+ Ke6 24. h4 gxh4 25. Nxh4 Rd2 26. f4 Rxb2
27. f5+ Kf7 28. f6 Bxf6 29. exf6 Kxf6 30. Rf1+ Kg5 31. Nf3+ Kxg4 32. Ne5+ Kg5
33. Bf4+ Kh5 34. Rf3 Kh4 35. Bg3+ Kg5 36. Bf4+ Kh4 37. Be3 Rxa2 38. Bxc5 Nc6
39. Nxc6 bxc6 40. Rf6 h5 41. Rxc6 Kg3 42. Bf2+ Kf3 43. Rf6+ Kg4 44. Rg6+ Kf5
45. Rh6 Kg4 46. c4 a5 47. Rg6+ Kf5 48. Rg3 Rc2 49. c5 a4 50. Ra3 Rc4 51. Kg2
Kg4 52. Rh3 Kg5 53. Kf3 a3 54. Be3+ Kg6 55. Rh2 h4 56. Ra2 Rc3 57. Ke4 h3 58.
Bd4 Rc1 59. Rh2 a2 60. Rxa2 Kg5 61. Be3+ 1-0

[Event "Bayern-chTT (LL Sued)"]
[Site "Bayern 2008/09"]
[Date "2008.11.30"]
[Round "3.5"]
[White "Michaelis, Lothar"]
[Black "Beckers, Thomas"]
[Result "0-1"]
[WhiteElo "2130"]
[BlackElo "2000"]
[PlyCount "100"]
[EventDate "2009.03.??"]
[EventType "team-tourn"]
[EventRounds "9"]
[WhiteTeam "Ingolstadt 1"]
[BlackTeam "Zugzwang-82 /1"]

1. d4 f5 2. Bg5 g6 3. Nc3 d5 4. h4 h5 5. Nh3 Be6 6. Qd3 Nc6 7. Qg3 Bg7 8. Nb5
Nxd4 9. Nxc7+ Kd7 10. Nxe6 Kxe6 11. Qd3 Rc8 12. c3 Nc6 13. g4 hxg4 14. Nf4+ Kf7
15. Bg2 Nf6 16. Bxf6 Kxf6 17. Bxd5 e5 18. Ne6 Qd6 19. Rd1 e4 20. Qb5 Qe7 21.
Nc5 Ne5 22. Nxb7 Bh6 23. Bb3 Nd3+ 24. Kf1 Rb8 25. exd3 Rxb7 26. Qc6+ Kg7 27. h5
Rb6 28. Qd5 Re8 29. Re1 Rd6 30. Qa5 Rxd3 31. hxg6 Rf3 32. Bd1 Rf4 33. Kg2 e3
34. Qd5 Rxf2+ 35. Kg1 Rd8 36. Qf7+ Qxf7 37. gxf7 Rf8 38. Bb3 Kg6 39. Rxh6+ Kxh6
40. Rxe3 Rd2 41. c4 f4 42. Re7 f3 43. c5 g3 44. Re6+ Kg5 45. Rd6 Rg2+ 46. Kf1
Rh8 47. Rd5+ Kg6 48. Rd6+ Kg7 49. f8=Q+ Rxf8 50. Ra6 Rg1+ 0-1

[Event "Bayern-chTT (LL Sued)"]
[Site "Bayern 2008/09"]
[Date "2008.11.30"]
[Round "3.6"]
[White "Beck, Alexander(74)"]
[Black "Spiess, Martin"]
[Result "0-1"]
[WhiteElo "2065"]
[BlackElo "2103"]
[PlyCount "68"]
[EventDate "2009.03.??"]
[EventType "team-tourn"]
[EventRounds "9"]
[WhiteTeam "Zugzwang-82 /1"]
[BlackTeam "Ingolstadt 1"]

1. d4 d5 2. c4 e6 3. Nc3 c6 4. Nf3 dxc4 5. e3 b5 6. a4 Bb4 7. Bd2 a5 8. axb5
Bxc3 9. Bxc3 cxb5 10. d5 Nf6 11. dxe6 Qxd1+ 12. Kxd1 Ne4 13. exf7+ Kxf7 14. Be1
Nc6 15. Nd4 Rd8 16. Ke2 Nxd4+ 17. exd4 Rxd4 18. Ke3 Nc5 19. Kxd4 Nb3+ 20. Kd5
Bb7+ 21. Kd6 Nxa1 22. Kc5 Rb8 23. Bxa5 Nb3+ 24. Kb4 Bc6 25. Bc7 Ra8 26. Be2
Ra4+ 27. Kc3 Bd5 28. Bf3 b4+ 29. Kc2 Nd4+ 30. Kb1 Nxf3 31. gxf3 Be6 32. Kc2
Bf5+ 33. Kd2 c3+ 34. bxc3 b3 0-1

[Event "Bayern-chTT (LL Sued)"]
[Site "Bayern 2008/09"]
[Date "2008.11.30"]
[Round "3.7"]
[White "Sailer, Wolfgang"]
[Black "Brychcy, Felix"]
[Result "1/2-1/2"]
[WhiteElo "2051"]
[BlackElo "2051"]
[PlyCount "147"]
[EventDate "2009.03.??"]
[EventType "team-tourn"]
[EventRounds "9"]
[WhiteTeam "Ingolstadt 1"]
[BlackTeam "Zugzwang-82 /1"]

1. d4 Nf6 2. c4 g6 3. Nc3 Bg7 4. e4 d6 5. f4 O-O 6. Nf3 c5 7. d5 e6 8. Be2 exd5
9. cxd5 Bg4 10. O-O Nbd7 11. Re1 Re8 12. h3 Bxf3 13. Bxf3 h5 14. Qc2 Qa5 15.
Bd2 b5 16. e5 dxe5 17. d6 e4 18. Nxe4 Qb6 19. Nxf6+ Bxf6 20. Bxa8 Bd4+ 21. Kh1
Rxa8 22. f5 Qxd6 23. fxg6 Qxg6 24. Qxg6+ fxg6 25. Re7 Nf6 26. Rae1 b4 27. b3 a5
28. Bg5 a4 29. Bxf6 Bxf6 30. Re8+ Rxe8 31. Rxe8+ Kf7 32. Re4 axb3 33. axb3 Bd4
34. g3 Kf6 35. Kg2 Kf5 36. Kf3 Be5 37. Re2 Bd4 38. Re8 Bc3 39. g4+ hxg4+ 40.
hxg4+ Kg5 41. Rd8 Bd4 42. Rd5+ Kf6 43. g5+ Ke6 44. Ke4 Be3 45. Re5+ Kd6 46. Re8
Bxg5 47. Rg8 Bh4 48. Rxg6+ Kc7 49. Kd5 Bf2 50. Kc4 Kb7 51. Kb5 Kc7 52. Rc6+ Kd7
53. Rg6 Kc7 54. Kc4 Kb7 55. Kd5 Kc7 56. Rc6+ Kb7 57. Kd6 Bg1 58. Kd7 Bf2 59.
Rc7+ Kb6 60. Kd8 Bd4 61. Kd7 Bf2 62. Rc8 Kb7 63. Rf8 Bg1 64. Kd6 Be3 65. Kd5
Bg1 66. Kc4 Kc7 67. Kb5 Be3 68. Rf6 Bg1 69. Rc6+ Kb7 70. Rg6 Bd4 71. Rc6 Bg1
72. Re6 Kc7 73. Rc6+ Kb7 74. Rxc5 1/2-1/2

[Event "Bayern-chTT (LL Sued)"]
[Site "Bayern 2008/09"]
[Date "2008.11.30"]
[Round "3.8"]
[White "Callenberg, Ralf"]
[Black "Zeindlmeier, Thomas"]
[Result "0-1"]
[WhiteElo "2004"]
[BlackElo "1902"]
[PlyCount "68"]
[EventDate "2009.03.??"]
[EventType "team-tourn"]
[EventRounds "9"]
[WhiteTeam "Zugzwang-82 /1"]
[BlackTeam "Ingolstadt 1"]

1. c4 c6 2. g3 d5 3. Bg2 Nf6 4. Nf3 Bf5 5. O-O e6 6. cxd5 exd5 7. d3 Be7 8. Nd4
Bg6 9. Nd2 O-O 10. N2f3 c5 11. Nc2 Nc6 12. d4 Qb6 13. dxc5 Bxc5 14. e3 Rfd8 15.
Ncd4 Rac8 16. Nxc6 Rxc6 17. Ne5 Re6 18. Nxg6 hxg6 19. a3 a5 20. Qa4 Ne4 21. Qc2
f5 22. b3 d4 23. Bxe4 Rxe4 24. exd4 Bxd4 25. Bb2 Bxb2 26. Qxb2 Rd3 27. Rab1 Qd6
28. Rbc1 Rd2 29. Qc3 b6 30. Rce1 Rxe1 31. Rxe1 Qd5 32. Qe3 Rb2 33. Qxb6 Rxb3
34. Qb8+ Rxb8 0-1

[Event "Bayern-chTT (LL Sued)"]
[Site "Bayern 2008/09"]
[Date "2008.11.30"]
[Round "3.2"]
[White "Bensch, Patrick"]
[Black "De Francesco, Klaus"]
[Result "1/2-1/2"]
[WhiteElo "2163"]
[BlackElo "2242"]
[PlyCount "74"]
[EventDate "2009.03.??"]
[EventType "team-tourn"]
[EventRounds "9"]
[WhiteTeam "Rottal 1"]
[BlackTeam "Weilheim 1"]

1. e4 e6 2. d4 d5 3. Nc3 Bb4 4. e5 c5 5. a3 Bxc3+ 6. bxc3 Ne7 7. Qg4 Qc7 8.
Qxg7 Rg8 9. Qxh7 cxd4 10. Ne2 Nbc6 11. f4 Bd7 12. Qd3 dxc3 13. Nxc3 Na5 14. Nb5
Bxb5 15. Qxb5+ Nec6 16. Rb1 O-O-O 17. Qc5 d4 18. Bd2 Rd5 19. Bxa5 Qd7 20. Qc4
Rxa5 21. Rb3 Qe7 22. Qd3 Rc5 23. g3 Qc7 24. Qh7 Qa5+ 25. Kd1 Rd8 26. Qxf7 Rd7
27. Qxe6 Nxe5 28. fxe5 Rxe5 29. Qg8+ Rd8 30. Bh3+ Kb8 31. Qg7 Rb5 32. Bg2 d3
33. Rxd3 Rb1+ 34. Ke2 Re8+ 35. Kf2 Qc5+ 36. Qd4 Rf8+ 37. Ke3 Re8+ 1/2-1/2

[Event "Bayern-chTT (LL Sued)"]
[Site "Bayern 2008/09"]
[Date "2008.11.30"]
[Round "3.3"]
[White "Lochte, Thomas"]
[Black "Wagner, Hans(59)"]
[Result "1-0"]
[WhiteElo "2111"]
[BlackElo "2116"]
[PlyCount "51"]
[EventDate "2009.03.??"]
[EventType "team-tourn"]
[EventRounds "9"]
[WhiteTeam "Weilheim 1"]
[BlackTeam "Rottal 1"]

1. e4 c5 2. Nf3 d6 3. d4 cxd4 4. Qxd4 Nc6 5. Bb5 Bd7 6. Bxc6 Bxc6 7. Nc3 e6 8.
Bg5 Nf6 9. O-O-O Be7 10. Rhe1 O-O 11. Qd2 Qc7 12. Bxf6 Bxf6 13. Qxd6 Qxd6 14.
Rxd6 Bxc3 15. bxc3 Rfd8 16. Rd4 Kf8 17. Ne5 Be8 18. Red1 Ke7 19. Nc4 Rdc8 20.
Nd6 Rxc3 21. Nxb7 Rac8 22. R1d2 R8c7 23. Nd6 Bd7 24. Nxf7 Ra3 25. Ne5 Be8 26.
c4 1-0

[Event "Bayern-chTT (LL Sued)"]
[Site "Bayern 2008/09"]
[Date "2008.11.30"]
[Round "3.4"]
[White "Heiduczek, Josef"]
[Black "Fuchs, Georg(80)"]
[Result "0-1"]
[WhiteElo "2186"]
[BlackElo "2173"]
[PlyCount "80"]
[EventDate "2009.03.??"]
[EventType "team-tourn"]
[EventRounds "9"]
[WhiteTeam "Rottal 1"]
[BlackTeam "Weilheim 1"]

1. e4 e5 2. d4 exd4 3. Nf3 Nc6 4. Nxd4 Nf6 5. Nxc6 bxc6 6. e5 Qe7 7. Qe2 Nd5 8.
c4 Ba6 9. b3 O-O-O 10. Bb2 Qg5 11. Qe4 Bb4+ 12. Kd1 Nf6 13. exf6 d5 14. Qe3
dxc4+ 15. Kc1 Qg6 16. Bc3 Bxc3 17. Qxc3 Qg5+ 18. Nd2 Rhe8 19. Bxc4 Bxc4 20.
bxc4 Re2 21. Rd1 gxf6 22. f3 Re3 23. Qb4 Qe5 24. Kc2 a5 25. Qb2 Qf5+ 26. Ne4
Re2+ 27. Kb3 Rxb2+ 28. Kxb2 Qe5+ 29. Kb3 f5 30. Rxd8+ Kxd8 31. Rd1+ Kc8 32. Nc3
Qxh2 33. Rd2 Qf4 34. Re2 h5 35. Na4 Qd4 36. Nb2 h4 37. a3 f4 38. Ka2 Qc3 39.
Rf2 Qe3 40. Nd1 Qd4 0-1

[Event "Bayern-chTT (LL Sued)"]
[Site "Bayern 2008/09"]
[Date "2008.11.30"]
[Round "3.5"]
[White "Shahin, Walid"]
[Black "Schwarzmeier, Klaus"]
[Result "1-0"]
[WhiteElo "1983"]
[BlackElo "2149"]
[PlyCount "87"]
[EventDate "2009.03.??"]
[EventType "team-tourn"]
[EventRounds "9"]
[WhiteTeam "Weilheim 1"]
[BlackTeam "Rottal 1"]

1. d4 d5 2. Nf3 Nf6 3. c4 c6 4. Nc3 dxc4 5. e4 Bg4 6. e5 Nd5 7. Bxc4 e6 8. O-O
Be7 9. Ne4 Bh5 10. Bd3 Nd7 11. Ng3 Bg6 12. Bxg6 hxg6 13. Ne4 N7b6 14. Nfg5 Bxg5
15. Bxg5 Qd7 16. Nd6+ Kf8 17. Qf3 Nc8 18. Ne4 Kg8 19. Rfd1 Nce7 20. Rac1 Qc7
21. h3 a5 22. Nc5 a4 23. Rc4 Nb6 24. Rcc1 Ned5 25. Ne4 Ra5 26. Nd6 Ra8 27. Qa3
Qd7 28. Rd3 f6 29. exf6 gxf6 30. Bd2 Kg7 31. Rg3 Rad8 32. Qd3 Ne7 33. Ba5 Qxd6
34. Bxb6 Nf5 35. Bxd8 Nxg3 36. Bxf6+ Kxf6 37. fxg3 Rd8 38. Rf1+ Kg7 39. Qf3
Qxd4+ 40. Kh2 Kh6 41. Qf7 Qd7 42. Qf4+ Kg7 43. Qf6+ Kh7 44. Rf4 1-0

[Event "Bayern-chTT (LL Sued)"]
[Site "Bayern 2008/09"]
[Date "2008.11.30"]
[Round "3.6"]
[White "Walch, Ingo(73)"]
[Black "Sindermann, Peter(68)"]
[Result "1-0"]
[WhiteElo "1974"]
[BlackElo "1928"]
[PlyCount "139"]
[EventDate "2009.03.??"]
[EventType "team-tourn"]
[EventRounds "9"]
[WhiteTeam "Rottal 1"]
[BlackTeam "Weilheim 1"]

1. d4 b5 2. e4 Bb7 3. Bxb5 Bxe4 4. Nf3 e6 5. O-O Nf6 6. Re1 a6 7. Ba4 Be7 8. c4
O-O 9. Nc3 Bg6 10. a3 d6 11. Bg5 Nbd7 12. b4 h6 13. Bh4 Nb6 14. Bc6 Nxc4 15.
Qb3 Nb6 16. Bxa8 Qxa8 17. Rac1 Rc8 18. a4 Bf8 19. Bxf6 gxf6 20. a5 Nd7 21. d5
e5 22. Qa4 Rd8 23. Qc6 Qa7 24. Ne2 Bd3 25. Qxc7 Qa8 26. Ng3 Be7 27. Qc6 Qb8 28.
Qc3 Bh7 29. Nh4 Qb5 30. Nhf5 Bf8 31. Qc4 Rb8 32. Qg4+ Kh8 33. Ne3 Qxb4 34. Qxd7
Qxa5 35. Qxf7 Qd8 36. Nh5 Bg8 37. Qxf6+ Qxf6 38. Nxf6 Bf7 39. Nd7 Ra8 40. Nxf8
Rxf8 41. Rc6 Ra8 42. Rxd6 Kg7 43. Nf5+ Kh7 44. Rxh6+ Kg8 45. Rb6 a5 46. Nh6+
Kg7 47. Nxf7 Kxf7 48. g4 a4 49. Kg2 a3 50. Kg3 a2 51. Ra1 Ra3+ 52. Kg2 Ra4 53.
h3 e4 54. Rb2 Rd4 55. Raxa2 Rxd5 56. Rb4 e3 57. fxe3 Kf6 58. Kf3 Kg5 59. Kg3
Rd3 60. h4+ Kf6 61. Kf4 Rd6 62. h5 Rd7 63. g5+ Kf7 64. Ra6 Rc7 65. h6 Kg8 66.
g6 Rc8 67. Rab6 Rf8+ 68. Kg5 Kh8 69. Rb8 Kg8 70. Kh4 1-0

[Event "Bayern-chTT (LL Sued)"]
[Site "Bayern 2008/09"]
[Date "2008.11.30"]
[Round "3.7"]
[White "Tafertshofer, Matthias"]
[Black "Siemens, Andreas"]
[Result "1/2-1/2"]
[WhiteElo "1493"]
[BlackElo "1938"]
[PlyCount "59"]
[EventDate "2009.03.??"]
[EventType "team-tourn"]
[EventRounds "9"]
[WhiteTeam "Weilheim 1"]
[BlackTeam "Rottal 1"]

1. d4 Nf6 2. Nf3 g6 3. c4 c5 4. d5 b5 5. cxb5 a6 6. Nc3 axb5 7. Nxb5 Qa5+ 8.
Nc3 d6 9. Bd2 Ba6 10. Qa4+ Qxa4 11. Nxa4 Nxd5 12. Nc3 Nb4 13. Rc1 Bg7 14. a3
N4c6 15. g3 O-O 16. Bg2 Ra7 17. Rc2 Nd4 18. Nxd4 cxd4 19. Nd5 d3 20. Rc7 Rxc7
21. Nxc7 dxe2 22. Nxa6 Nxa6 23. b4 Rb8 24. Kxe2 Bb2 25. Bc1 Bf6 26. Rd1 Nxb4
27. axb4 Rxb4 28. Bf4 Kg7 29. Bxd6 exd6 30. Rxd6 1/2-1/2

[Event "Bayern-chTT (LL Sued)"]
[Site "Bayern 2008/09"]
[Date "2008.11.30"]
[Round "3.8"]
[White "Zankl, Thomas"]
[Black "Kobold, Julius"]
[Result "1/2-1/2"]
[WhiteElo "1860"]
[BlackElo "1457"]
[PlyCount "131"]
[EventDate "2009.03.??"]
[EventType "team-tourn"]
[EventRounds "9"]
[WhiteTeam "Rottal 1"]
[BlackTeam "Weilheim 1"]

1. d4 b6 2. e4 Bb7 3. Bd3 e6 4. Nf3 Nf6 5. Bg5 h6 6. Bxf6 Qxf6 7. O-O Nc6 8. c3
Be7 9. Nbd2 O-O 10. Re1 d6 11. Nf1 Nb8 12. Ne3 Nd7 13. b4 c5 14. bxc5 dxc5 15.
Qa4 Rfd8 16. Rad1 a6 17. Qc2 Rac8 18. Qe2 cxd4 19. cxd4 Bb4 20. Rf1 b5 21. Rb1
Bc3 22. a4 b4 23. Bxa6 Bxa6 24. Qxa6 Nb8 25. Qb5 Qf4 26. Nc2 Nc6 27. d5 Qxe4
28. dxc6 Qxc2 29. Qb7 Qe4 30. Rbd1 Rf8 31. Rd6 Qc4 32. Rfd1 e5 33. Qb5 Qf4 34.
Rd7 e4 35. Nd4 e3 36. fxe3 Qxe3+ 37. Kh1 Qe4 38. Nf5 Rfe8 39. h3 Qxc6 40. Qxc6
Rxc6 41. Ne7+ Rxe7 42. Rxe7 Ra6 43. Rd8+ Kh7 44. Rdd7 b3 45. Rb7 b2 46. Re2
Rxa4 47. Rbxb2 Bxb2 48. Rxb2 f5 49. Rb6 g5 50. Kg1 Ra2 51. g4 fxg4 52. hxg4 Ra4
53. Rb7+ Kg8 54. Rb8+ Kf7 55. Rb7+ Ke8 56. Rb8+ Kd7 57. Rb7+ Kc8 58. Rh7 Rxg4+
59. Kf2 Rh4 60. Kf3 Rf4+ 61. Kg3 Rf6 62. Kg4 Kd8 63. Ra7 Ke8 64. Rb7 Kf8 65.
Rc7 Rf7 66. Rc6 1/2-1/2

[Event "Bayern-chTT (LL Sued)"]
[Site "Bayern 2008/09"]
[Date "2008.11.30"]
[Round "3.2"]
[White "Nuber, Korbinian"]
[Black "Kuenzner, Franz"]
[Result "1/2-1/2"]
[WhiteElo "2106"]
[BlackElo "2278"]
[PlyCount "88"]
[EventDate "2009.03.??"]
[EventType "team-tourn"]
[EventRounds "9"]
[WhiteTeam "Dillingen 1"]
[BlackTeam "Sendling 1"]

1. e4 c5 2. Nc3 g6 3. Nf3 Bg7 4. g3 d6 5. Bg2 Bd7 6. O-O Qc8 7. Re1 Nc6 8. d3
Bg4 9. Be3 Ne5 10. Bf4 Nf6 11. Bxe5 dxe5 12. Qd2 Bxf3 13. Bxf3 O-O 14. a4 e6
15. a5 Rd8 16. b3 Qc6 17. Ra4 Rd4 18. Rea1 Ne8 19. Ne2 Rd7 20. Qc3 Rc8 21. Kg2
Nd6 22. R1a2 Nb5 23. Qc4 Bf8 24. Ra1 Rcd8 25. b4 cxb4 26. Qxc6 bxc6 27. Rb1 Na3
28. Rb2 c5 29. Nc1 c4 30. Be2 Bh6 31. Na2 c3 32. Rbxb4 Nxc2 33. Rc4 Ne1+ 34.
Kf1 Nxd3 35. Rxc3 Bf8 36. Rac4 Nb2 37. Rc8 Rxc8 38. Rxc8 Rd4 39. Nc3 Kg7 40. a6
Na4 41. Nxa4 Rxa4 42. Rc7 Ra1+ 43. Kg2 Ra2 44. Kf1 Ra1+ 1/2-1/2

[Event "Bayern-chTT (LL Sued)"]
[Site "Bayern 2008/09"]
[Date "2008.11.30"]
[Round "3.3"]
[White "Schamberger, Alfons"]
[Black "Billing, Christian"]
[Result "1/2-1/2"]
[WhiteElo "2162"]
[BlackElo "2214"]
[PlyCount "25"]
[EventDate "2009.03.??"]
[EventType "team-tourn"]
[EventRounds "9"]
[WhiteTeam "Sendling 1"]
[BlackTeam "Dillingen 1"]

1. c4 g6 2. Nc3 Bg7 3. d4 d6 4. e4 Nc6 5. d5 Nd4 6. Be3 c5 7. dxc6 Nxc6 8. Qd2
Bd7 9. Be2 Rc8 10. Rc1 Qa5 11. h3 Nf6 12. Nf3 O-O 13. O-O 1/2-1/2

[Event "Bayern-chTT (LL Sued)"]
[Site "Bayern 2008/09"]
[Date "2008.11.30"]
[Round "3.4"]
[White "Baeuml, Ulrich"]
[Black "Nissen, Jens"]
[Result "0-1"]
[WhiteElo "2045"]
[BlackElo "2106"]
[PlyCount "68"]
[EventDate "2009.03.??"]
[EventType "team-tourn"]
[EventRounds "9"]
[WhiteTeam "Dillingen 1"]
[BlackTeam "Sendling 1"]

1. d4 g6 2. Nf3 Bg7 3. c4 d6 4. Nc3 e5 5. e4 Nd7 6. Be3 Nh6 7. h3 f6 8. Qd2 Nf7
9. d5 f5 10. exf5 gxf5 11. g3 O-O 12. O-O-O Nf6 13. Be2 Bd7 14. Ng5 Nxg5 15.
Bxg5 Qe8 16. h4 a6 17. h5 b5 18. h6 Bh8 19. g4 b4 20. Bxf6 Rxf6 21. Nb1 fxg4
22. Rdg1 Rg6 23. Qd1 Qf8 24. Nd2 Qf4 25. Bd3 Bf5 26. Bxf5 Qxf5 27. Rh4 Bf6 28.
Rhxg4 Bg5 29. R4g3 Bxh6 30. Rf3 Bf4 31. Rxg6+ hxg6 32. Rb3 a5 33. f3 Kg7 34.
Qc2 Qg5 0-1

[Event "Bayern-chTT (LL Sued)"]
[Site "Bayern 2008/09"]
[Date "2008.11.30"]
[Round "3.5"]
[White "Altmann, Christoph"]
[Black "Lederle, Vitus"]
[Result "1/2-1/2"]
[WhiteElo "2056"]
[BlackElo "2066"]
[PlyCount "47"]
[EventDate "2009.03.??"]
[EventType "team-tourn"]
[EventRounds "9"]
[WhiteTeam "Sendling 1"]
[BlackTeam "Dillingen 1"]

1. d4 e6 2. e4 d5 3. Nc3 Bb4 4. e5 c5 5. a3 Bxc3+ 6. bxc3 Qa5 7. Bd2 Qa4 8. Nf3
b6 9. h4 Nc6 10. Be3 c4 11. g3 Nge7 12. Bh3 Bd7 13. h5 h6 14. Nh4 g5 15. hxg6
fxg6 16. Kd2 O-O-O 17. f4 Rhg8 18. Nf3 Rdf8 19. Bg4 h5 20. Bh3 Nf5 21. Bxf5
Rxf5 22. Ng5 Ne7 23. Qb1 Rg7 24. Qb4 1/2-1/2

[Event "Bayern-chTT (LL Sued)"]
[Site "Bayern 2008/09"]
[Date "2008.11.30"]
[Round "3.6"]
[White "Nuber, Blasius"]
[Black "Haas, Peter(68)"]
[Result "1/2-1/2"]
[WhiteElo "2073"]
[BlackElo "2039"]
[PlyCount "66"]
[EventDate "2009.03.??"]
[EventType "team-tourn"]
[EventRounds "9"]
[WhiteTeam "Dillingen 1"]
[BlackTeam "Sendling 1"]

1. Nf3 Nf6 2. g3 b5 3. Bg2 Bb7 4. d4 e6 5. O-O c5 6. a4 b4 7. c4 cxd4 8. b3 Be7
9. Bb2 O-O 10. Nxd4 Bxg2 11. Kxg2 Na6 12. Nd2 Nc5 13. Qc2 Rc8 14. e4 d6 15.
Rfe1 Qb6 16. Rad1 Rfd8 17. f3 Ne8 18. Nf1 Bf6 19. Ne3 Qb7 20. Qb1 h5 21. Nb5
Bc3 22. Bxc3 bxc3 23. Qc2 a6 24. Nd4 e5 25. Ne2 Qxb3 26. Qxb3 Nxb3 27. Nxc3 Nf6
28. Rb1 Nd2 29. Rb6 Nxc4 30. Rxa6 Nxe3+ 31. Rxe3 d5 32. exd5 Nxd5 33. Nxd5 Rxd5
1/2-1/2